00767nam a2200265Ia 450000500170000000800410001702000150005804000180007304100080009108200260009910000140012524500480013925000120018726000670019930000270026665000430029365000170033665000280035370000190038170000220040070000150042270000180043770000230045570000230047820230707102840.0210716s2001 xx 000 0 und d a8173662975 cAIMIT LIBRARY aeng a004.605 LISI21bLISI aLi, Sing. aProfessional jini /cBy Sing Li... [et.al.] a1st ed. aMumbai :bShroff Publishers and Distributors Pvt Ltd ,c2001. axv,886p. ;bPBc23 cm. aIntroduction background and motivation aAdvanced RMI aJini distributed events aAshri, Ronald. aBuurmeijer, Mile. aHol, Eric. aFlenner, Bob. aScheuring, Jerome. aSchneider, Andrew.